000 01954nam0a2200397 4500
001 RU\NLR\bibl\399997
005 20250622163643.0
010 _a5-7422-0199-0
_9500
021 _aRU
_b2003-6520
_9306
035 _a(NLR Aleph) 000394183
090 _a534538
_c534538
100 _a20030408d2001 |||y0rusy50 ca
101 0 _arus
102 _aRU
105 _aa |||||||||
200 1 _aОбратные задачи экспериментальной физики
_eПракт. аспекты
_eУчеб. пособие
_eДля вузов по направлению 550700 "Электроника и микроэлектроника"
_fА. П. Головицкий
_gМ-во образования Рос. Федерации, С.-Петерб. гос. техн. ун-т
210 _aСПб.
_cИзд-во СПбГТУ
_d2001
215 _a354, [1] с.
_cил.
_d20
313 _aФизический эксперимент.
320 _aБиблиогр.: с. 348-354
606 0 _aФизический эксперимент
_jРуководства, пособия и т.п. для высшей школы
_xОбработка результатов
_92081904
_3RU\NLR\auth\661257910
606 0 _aФизический эксперимент
_jУчебные издания для высшей школы
_xОбработка результатов
_92081904
_3RU\NLR\auth\661257910
610 0 _aФизический эксперимент - Обработка результатов
610 0 _aФизика - Обратные задачи
675 _a530.1:517.9(075.8)
_v3
_zrus
686 _a29
_2rugasnti
686 _a22.311я73
_2rubbk
686 _aВ3с.я73-1
700 1 _aГоловицкий
_bА. П.
_gАлександр Петрович
_4070
801 0 _aRU
_bRKP
_c20030408
_gPSBO
801 1 _aRU
_bRKP
_c20030408
801 2 _aRU
_bNLR
_c20030602
_grcr
942 _cBOOK
980 _aNB